Cengkaman pun terburai (Record no. 108222)

MARC details
000 -LEADER
fixed length control field 00760nam a2200265 i 4500
001 - CONTROL NUMBER
control field C2-0305196
003 - CONTROL NUMBER IDENTIFIER
control field PPAK
005 - DATE AND TIME OF LATEST TRANSACTION
control field 20180728090410.0
008 - FIXED-LENGTH DATA ELEMENTS--GENERAL INFORMATION
fixed length control field 100803s2010 my a|||| ||||| | may d
020 ## - INTERNATIONAL STANDARD BOOK NUMBER
International Standard Book Number 9789833594832
040 ## - CATALOGING SOURCE
Original cataloging agency PPAK
Language of cataloging eng
Transcribing agency PPAK
Description conventions rda
082 04 - DEWEY DECIMAL CLASSIFICATION NUMBER
Classification number 959.5
Edition number 23
090 00 - LOCALLY ASSIGNED LC-TYPE CALL NUMBER (OCLC); LOCAL CALL NUMBER (RLIN)
Classification number (OCLC) (R) ; Classification number, CALL (RLIN) (NR) 959.5
Feature heading NAZ
Feature heading RK
100 0# - MAIN ENTRY--PERSONAL NAME
Personal name Nazri Din,
Relator term author
245 10 - TITLE STATEMENT
Title Cengkaman pun terburai
264 #1 - PRODUCTION, PUBLICATION, DISTRIBUTION, MANUFACTURE, AND COPYRIGHT NOTICE
Place of production, publication, distribution, manufacture Petaling Jaya, Selangor :
Name of producer, publisher, distributor, manufacturer Minda Didik Marketing ,
Date of production, publication, distribution, manufacture, or copyright notice 2010
300 ## - PHYSICAL DESCRIPTION
Extent 52 pages :
Other physical details colour illustrations ;
Dimensions 27 cm
336 ## - CONTENT TYPE
Source rdacontent
Content type term text
337 ## - MEDIA TYPE
Source rdamedia
Media type term unmediated
338 ## - CARRIER TYPE
Source rdacarrier
Carrier type term volume
490 1# - SERIES STATEMENT
Series statement Siri menuntut kemerdekaan
650 10 - SUBJECT ADDED ENTRY--TOPICAL TERM
Topical term or geographic name entry element Malaysia - History.
830 #0 - SERIES ADDED ENTRY--UNIFORM TITLE
Uniform title Siri menuntut kemerdekaan
942 ## - ADDED ENTRY ELEMENTS (KOHA)
-- dc
Koha item type Book
Holdings
Withdrawn Not for loan Current library Shelving location Date acquired Full call number Barcode Date last seen Koha item type
  Not For Loan Perpustakaan Alor Setar Rujukan Kanak-kanak 03/08/2010 RK 959.5 NAZ A01340457 09/05/2018 Book
  Not For Loan Perpustakaan Kulim Rujukan Kanak-kanak 03/08/2010 RK 959.5 NAZ A01340458 09/05/2018 Book
  Not For Loan Perpustakaan Merbok Rujukan Kanak-kanak 03/08/2010 RK 959.5 NAZ A01340459 09/05/2018 Book